01522nam a22002415i 4500001000700000003000900007005001700016008004100033040002000074080001700094100006400111245044400175260013000619300003300749596006700782597002800849650004400877700004800921852015100969942001901120999001901139952012201158152976ES-MaACL20250723063351.0040907q17051799sp |||| | spa d aCAM bspa cCAM a811.134.2'361 aCaro y Cejudo, Jerónimo Martín,d1630-1712eaut912634510aExplicacion del libro IV y V del arte nuevo de gramatica :ben que tambien se contiene la explicacion de la construccion figurada, relativos & c. y muchas frases sacadas de los autores latinos : con nuevas adiciones en el cuerpo del libro y los tratados de los yerros y descuidos mas notables de la primera y segunda parte del Speculum Grammaticorum / cpor el maestro Geronimo Martin Caro y Cejudo...; corregida por Francisco de Cepeda... aEn Madrid : bpor la viuda de Joseph Garcia : ba costa de la Real Compañia de Impresores y Libreros, c[entre 1705 y 1799] a[14], 471 páginas ; c8º. aPalau t.III fecha las ediciones de esta obra entre 1705 y 1799 aSign.: ¶7, A-2F8, 2G4. 4aLengua española-xGramática.9141611 aCepeda, Francisco de,ds. XVIII937429ecrr aES-MaACLcDEPO2fEx-libris ms. de Josef VillanovafEx-libris ms. de Blas Figueroa fEx-libris ms. de Pedro Alcántara SalgadojF-2182 xHolandesa 2udccMONANTn0 c152976d152976 00104070aATENEOMbATENEOMcDEPO2d2008-01-17eSSCl0oF-2182p1159809r2023-02-23 00:00:00w2023-02-23yMONOGRAFIA